Tilastot visalle Nobelin rauhanpalkinnolla palkittuja henkilöitä

Klikkaa tästä pelataksesi tätä visaa!

Yleistilastot

  • Tätä visaa on pelattu 14 kertaa
  • Keskiarvotulos 8 / 17

Vastaustilastot

% Oikein
2008suomalainen palkittuMartti Ahtisaari
100%
1964mustien kansalaisoikeuksia Yhdysvalloissa ajanut henkilöMartin Luther King
83%
1917,
1944,
1963
maailman suurin humanitaarinen liike sai palkinnon työstään mm. molempien maailmansotien aikana
Kansainvälinen Punainen Risti
75%
1954,
1965,
1969,
1981,
1988,
2001,
2005,
2007,
2020
järjestö, joka alajärjestöt ja rahastot mukaan luettuna on voittanut eniten rauhanpalkintoja (9 kertaa)Yhdistyneet kansakunnat
67%
1953Marshall-avusta palkittu yhdysvaltalainen poliitikko ja sotilasGeorge Catlett Marshall
58%
2001ghanalainen diplomaatti, joka toimi YK:n pääsihteerinä v. 1997-2006Kofi Annan
58%
1990palkinto perestroika- ja glasnost-politiikastaMihail Gorbatšov
58%
1979Rakkauden lähettiläät -sääntökunnan perustanut katolilainen nunnaÄiti Teresa
50%
1983puolalaista Solidaarisuus-liikettä johtanut henkilöLech Wałęsa
50%
1919yhdysvaltalainen presidentti valittiin palkinnon saajaksi Kansainliiton perustamisestaWoodrow Wilson
50%
1994palestiinalaisjohtaja, joka palkittiin kahden israelilaisen poliitikon ohellaJasser Arafat
42%
1977kansainvälinen ihmisoikeuksien noudattamista edistävä järjestö sai palkinnon kidutuksen vastaisesta työstäAmnesty International
25%
1975henkilö, joka tuli ensin tunnetuksi ydinaseen kehittäjänä, myöhemmin Neuvostoliiton tunnetuimpana toisinajattelijanaAndrei Saharov
25%
1961ruotsalainen YK:n pääsihteeri, joka sai palkinnon postuumistiDag Hammarskjöld
25%
1905palkittiin ensimmäisenä naisena itävaltaunkarilainen kirjailija (teos: Aseet pois!) ja radikaali pasifistiBertha von Suttner
17%
1935saksalainen pasifisti, joka sai palkinnon natsien vastustuksesta;
ei päässyt hakemaan palkintoa keskitysleiriltä
Carl von Ossietzky
0%
2000eteläkorealainen presidentti palkittiin "rauhantahdosta Pohjois-Korean kanssa"Kim Dae-jung
0%

Tulosjakauma

Persentiili vastausten määrän mukaan

Jokaisen tuloksen saaneiden osuus

Tuloshistoriasi

Et ole pelannut tätä visaa